[Event "Abitibi ch"]
[Site "Val D'Or CAN"]
[Date "1998.11.08"]
[Round "5"]
[White "Carrier, Claude"]
[Black "Lacroix, Serge"]
[Result "1/2-1/2"]
[WhiteElo "1557"]
[BlackElo "1990"]
[PlyCount "106"]
[EventDate "1998.11.06"]
[EventType "swiss"]
[EventRounds "5"]
[EventCountry "CAN"]

1. e4 e5 2. Nf3 Nc6 3. Bb5 a6 4. Ba4 Nf6 5. O-O Be7 6. Re1 b5 7. Bb3 d6 8. c3
O-O 9. h3 Nd7 10. d4 Nb6 11. Nbd2 exd4 12. cxd4 d5 13. Bc2 dxe4 14. Nxe4 Bf5
15. Neg5 Qd7 16. Ne5 Nxe5 17. Bxf5 Qxf5 18. Rxe5 Qf6 19. Nxh7 Kxh7 20. Qh5+ Kg8
21. Bg5 Qg6 22. Qxg6 fxg6 23. Rxe7 Rf5 24. Bd2 Raf8 25. f3 Nd5 26. Rd7 R8f7 27.
Rd8+ Rf8 28. Rxf8+ Kxf8 29. Rc1 Rf6 30. Kf2 Ke8 31. Kg3 Kd7 32. Rc5 Kd6 33. Kf2
c6 34. Rc1 Nf4 35. Bxf4+ Rxf4 36. Ke3 Rf5 37. b4 Rf7 38. a4 Re7+ 39. Kd3 Re6
40. axb5 axb5 41. Rc5 Re1 42. Rg5 Re6 43. f4 Rf6 44. Ke4 Ke6 45. Rc5 Kd6 46. g4
Rf7 47. Rg5 Rf6 48. f5 gxf5+ 49. gxf5 Rf7 50. Rg6+ Kd7 51. Ke5 Re7+ 52. Re6 Rf7
53. h4 Rf8 1/2-1/2

[Event "Outaouais op"]
[Site "Hull CAN"]
[Date "1998.10.23"]
[Round "1"]
[White "Hagopian, Christian"]
[Black "Lacroix, Serge"]
[Result "0-1"]
[WhiteElo "2088"]
[BlackElo "2197"]
[PlyCount "59"]
[EventDate "1998.10.23"]
[EventType "swiss"]
[EventRounds "5"]
[EventCountry "CAN"]

1. e4 e5 2. Nf3 Nc6 3. Bb5 a6 4. Ba4 Nf6 5. O-O Be7 6. Re1 b5 7. Bb3 d6 8. c3
O-O 9. h3 Nd7 10. d4 Nb6 11. Nbd2 exd4 12. cxd4 d5 13. e5 Bf5 14. Nf1 Qd7 15.
Kh2 Na5 16. Bc2 Rac8 17. Bxf5 Qxf5 18. Ng3 Qg6 19. b3 c5 20. dxc5 Bxc5 21. Nd4
Nc6 22. Nxc6 Rxc6 23. Re2 f6 24. e6 Re8 25. Bb2 Rcxe6 26. Rxe6 Rxe6 27. Qd2 h5
28. Nf1 Qe4 29. Ng3 Bd6 30. Rd1 0-1

[Event "Outaouais op"]
[Site "Hull CAN"]
[Date "1998.10.24"]
[Round "2"]
[White "Lacroix, Serge"]
[Black "Hua, Lefong"]
[Result "0-1"]
[WhiteElo "1984"]
[BlackElo "2255"]
[PlyCount "44"]
[EventDate "1998.10.23"]
[EventType "swiss"]
[EventRounds "5"]
[EventCountry "CAN"]

1. e4 c5 2. Nf3 d6 3. d4 cxd4 4. Nxd4 Nf6 5. Nc3 g6 6. Be3 Bg7 7. f3 Nc6 8. Qd2
O-O 9. Bc4 Bd7 10. O-O-O Rc8 11. Bb3 Ne5 12. h4 h5 13. Bh6 Bxh6 14. Qxh6 Rxc3
15. bxc3 Qa5 16. g4 Qxc3 17. gxh5 Qa1+ 18. Kd2 Qxd4+ 19. Kc1 Qa1+ 20. Kd2 Nxf3+
21. Ke2 Nd4+ 22. Kd3 Bb5+ 0-1

[Event "Outaouais op"]
[Site "Hull CAN"]
[Date "1998.10.24"]
[Round "3"]
[White "McKim, Fred"]
[Black "Lacroix, Serge"]
[Result "1/2-1/2"]
[WhiteElo "1960"]
[BlackElo "1984"]
[PlyCount "69"]
[EventDate "1998.10.23"]
[EventType "swiss"]
[EventRounds "5"]
[EventCountry "CAN"]

1. d4 Nf6 2. Bg5 e6 3. e4 h6 4. Bxf6 Qxf6 5. e5 Qd8 6. Nf3 d6 7. c3 dxe5 8.
Nxe5 Nd7 9. Nd2 c5 10. Bb5 Bd6 11. Ne4 Bxe5 12. dxe5 O-O 13. Bxd7 Bxd7 14. O-O
Bc6 15. Qg4 Bxe4 16. Qxe4 Qb6 17. b4 cxb4 18. Rab1 Rfd8 19. Rxb4 Qc6 20. Qe3 b6
21. Rg4 Kf8 22. Qg3 g6 23. Qf4 Kg7 24. Qf6+ Kg8 25. Rh4 h5 26. g4 Qe4 27. gxh5
Qf5 28. Qxf5 gxf5 29. Rh3 Rd5 30. Rg3+ Kf8 31. f4 Ke7 32. h6 Rh8 33. Rh3 Rd2
34. Rff3 Rd1+ 35. Kg2 1/2-1/2

[Event "Outaouais op"]
[Site "Hull CAN"]
[Date "1998.10.25"]
[Round "4"]
[White "Lacroix, Serge"]
[Black "Voloaca, Mihnea"]
[Result "1/2-1/2"]
[WhiteElo "1984"]
[BlackElo "1985"]
[PlyCount "52"]
[EventDate "1998.10.23"]
[EventType "swiss"]
[EventRounds "5"]
[EventCountry "CAN"]

1. e4 c5 2. Nf3 d6 3. d4 cxd4 4. Nxd4 Nf6 5. Nc3 a6 6. Bg5 e6 7. f4 Qa5 8. Bxf6
gxf6 9. Qf3 Nc6 10. O-O-O Nxd4 11. Rxd4 Bd7 12. Kb1 Rc8 13. Be2 Be7 14. f5 Qe5
15. fxe6 fxe6 16. Qh5+ Qxh5 17. Bxh5+ Kd8 18. a4 Rc5 19. Bf3 Kc7 20. Rhd1 Bc6
21. R4d3 a5 22. Bg4 Re5 23. Nb5+ Bxb5 24. axb5 Rg8 25. Bh3 Kb6 26. Re3 h5
1/2-1/2

[Event "Outaouais op"]
[Site "Hull CAN"]
[Date "1998.10.25"]
[Round "5"]
[White "Moss, Laurent"]
[Black "Lacroix, Serge"]
[Result "1/2-1/2"]
[WhiteElo "1896"]
[BlackElo "1984"]
[PlyCount "71"]
[EventDate "1998.10.23"]
[EventType "swiss"]
[EventRounds "5"]
[EventCountry "CAN"]

1. d4 Nf6 2. c4 e6 3. Nc3 Bb4 4. e3 c5 5. Nge2 cxd4 6. exd4 d5 7. c5 O-O 8. a3
Bxc3+ 9. Nxc3 a5 10. Bg5 Nc6 11. Bb5 Bd7 12. O-O b6 13. cxb6 Qxb6 14. Bxf6 gxf6
15. Qh5 Qxd4 16. Rfe1 f5 17. Re3 Kh8 18. Rh3 Qg7 19. Re1 Rg8 20. Bf1 f6 21.
Ree3 Ne5 22. Reg3 Qf7 23. Qh6 Rxg3 24. Rxg3 Rg8 25. Rxg8+ Kxg8 26. Qe3 Qe8 27.
Qb6 a4 28. Qb4 Kf7 29. Be2 Qe7 30. Qd4 Qe8 31. Bh5+ Ng6 32. Bd1 Qb8 33. Nxa4
Bxa4 34. Bxa4 Ne5 35. Qc3 Nc4 36. Bb3 1/2-1/2

[Event "Quebec-ch classe"]
[Site "Beloeil CAN"]
[Date "1998.10.12"]
[Round "4"]
[White "Belanger, Jacques"]
[Black "Lacroix, Serge"]
[Result "0-1"]
[WhiteElo "1953"]
[BlackElo "1993"]
[PlyCount "68"]
[EventDate "1998.10.11"]
[EventType "swiss"]
[EventRounds "5"]
[EventCountry "CAN"]

1. e4 e5 2. Nf3 Nc6 3. Bb5 a6 4. Ba4 Nf6 5. O-O Be7 6. Re1 b5 7. Bb3 d6 8. c3
O-O 9. h3 Nd7 10. d4 Nb6 11. Nbd2 exd4 12. cxd4 d5 13. e5 Bf5 14. a3 Qd7 15.
Nf1 a5 16. Bc2 a4 17. Bg5 Nc4 18. Bxf5 Qxf5 19. Bxe7 Nxe7 20. Ne3 Qg6 21. Qe2
c6 22. Rac1 Nf5 23. Nxc4 bxc4 24. Rcd1 Rab8 25. Rd2 Rb3 26. e6 Qxe6 27. Qxe6
fxe6 28. Rxe6 Rd3 29. Rxc6 Nxd4 30. Rxd3 cxd3 31. Rd6 Rxf3 32. Rxd5 Rf4 33.
Rd8+ Kf7 34. Rd7+ Ke6 0-1

[Event "Quebec-ch classe U2000"]
[Site "Beloeil CAN"]
[Date "1998.10.11"]
[Round "1"]
[White "Lacroix, Serge"]
[Black "Marcone, Malcom"]
[Result "1/2-1/2"]
[WhiteElo "1995"]
[BlackElo "1850"]
[Annotator "Incomplete"]
[PlyCount "61"]
[EventDate "1998.10.11"]
[EventType "swiss"]
[EventRounds "5"]
[EventCountry "CAN"]

1. e4 e6 2. d4 d5 3. Nc3 Bb4 4. e5 Qd7 5. a3 Bf8 6. f4 b6 7. Nf3 Ba6 8. Bxa6
Nxa6 9. Qe2 Nb8 10. Be3 a6 11. O-O Nh6 12. Nd1 Qb5 13. Qxb5+ axb5 14. Nc3 c6
15. h3 Nf5 16. Kf2 Be7 17. g4 Bh4+ 18. Nxh4 Nxh4 19. Kg3 Ng6 20. f5 Ne7 21. Ne2
Na6 22. fxe6 fxe6 23. Nf4 Kd7 24. Nh5 g6 25. Nf6+ Kc7 26. Bh6 c5 27. c3 cxd4
28. cxd4 Nc6 29. Rad1 Ra7 30. Rf2 Kb8 31. Rc2 {etc.} 1/2-1/2

[Event "Montreal op"]
[Site "Montreal CAN"]
[Date "1998.09.06"]
[Round "3"]
[White "Hua, Lefong"]
[Black "Lacroix, Serge"]
[Result "1-0"]
[WhiteElo "2295"]
[BlackElo "1992"]
[Annotator "Incomplete"]
[PlyCount "52"]
[EventDate "1998.09.05"]
[EventType "swiss"]
[EventRounds "5"]
[EventCountry "CAN"]

1. c4 Nf6 2. Nc3 e6 3. e4 d5 4. e5 d4 5. exf6 dxc3 6. bxc3 Qxf6 7. d4 c5 8. Nf3
h6 9. Bd3 cxd4 10. cxd4 Bb4+ 11. Bd2 Bxd2+ 12. Qxd2 Nc6 13. Qe3 O-O 14. O-O Rd8
15. Rfd1 Bd7 16. Rab1 b6 17. Qe4 g6 18. c5 Be8 19. Be2 Na5 20. Ne5 bxc5 21.
dxc5 Rxd1+ 22. Rxd1 Rd8 23. Rd6 Qe7 24. Qb4 Qc7 25. Ng4 Rb8 26. Nf6+ Kf8 {etc.}
1-0

[Event "North Bay int U2200"]
[Site "North Bay CAN"]
[Date "1998.08.05"]
[Round "1"]
[White "Gottlieb, Jonathan"]
[Black "Lacroix, Serge"]
[Result "0-1"]
[WhiteElo "2131"]
[BlackElo "2026"]
[PlyCount "76"]
[EventDate "1998.08.04"]
[EventType "swiss"]
[EventRounds "9"]
[EventCountry "CAN"]

1. e4 e5 2. Nf3 Nc6 3. Bc4 Nf6 4. d3 d5 5. exd5 Nxd5 6. Nc3 Bb4 7. Bd2 Bxc3 8.
bxc3 O-O 9. O-O Bg4 10. Re1 Qd6 11. h3 Bh5 12. Rb1 Nb6 13. Bb5 Rfe8 14. c4 Bxf3
15. Qxf3 Nd4 16. Qd1 c6 17. Bb4 Qg6 18. c3 Nf5 19. c5 Nd5 20. Bc4 Nf4 21. Qf3
Nh4 22. Qg3 Nfxg2 23. Qxg6 hxg6 24. Re4 Nf4 25. Re3 Nf5 26. Rf3 g5 27. Ba5 Re7
28. Re1 g6 29. Re4 Kg7 30. d4 f6 31. dxe5 fxe5 32. Bf1 Kf6 33. Bb4 Rh8 34. c4
Nd4 35. Rg3 Kf5 36. Rge3 Nc2 37. Rb3 Nxb4 38. Rbe3 Rh4 0-1

[Event "Quebec op U2000"]
[Site "Montreal CAN"]
[Date "1998.08.01"]
[Round "1"]
[White "Lacroix, Serge"]
[Black "Lord, Stephan"]
[Result "1-0"]
[WhiteElo "1955"]
[BlackElo "1767"]
[PlyCount "93"]
[EventDate "1998.07.25"]
[EventType "swiss"]
[EventRounds "9"]
[EventCountry "CAN"]

1. e4 c5 2. Nf3 Nc6 3. d4 cxd4 4. Nxd4 Nf6 5. Nc3 e5 6. Ndb5 d6 7. Bg5 a6 8.
Bxf6 gxf6 9. Na3 b5 10. Nd5 f5 11. exf5 Bxf5 12. c3 Bg7 13. Qf3 Be6 14. Ne3 Ne7
15. Bd3 O-O 16. Bf5 Nxf5 17. Nxf5 Bxf5 18. Qxf5 Qf6 19. Qxf6 Bxf6 20. Rd1 Rfd8
21. Rd5 Rac8 22. Ke2 Be7 23. Rhd1 f6 24. Nc2 Kf7 25. Ne3 Ke6 26. R1d2 Rd7 27.
a4 Rc5 28. axb5 axb5 29. R5d3 Ra7 30. Nd5 Rc6 31. Nb4 Rc4 32. b3 Rc5 33. Nd5
Rc6 34. f4 Rca6 35. f5+ Kf7 36. Re3 Bf8 37. Rh3 h6 38. Rhd3 Ra2 39. b4 Be7 40.
Ke3 Rxd2 41. Rxd2 Bd8 42. Ke4 Ra1 43. Ne3 Rc1 44. Rxd6 Be7 45. Rd7 Rxc3 46.
Rxe7+ Kxe7 47. Nd5+ 1-0

[Event "Quebec op U2000"]
[Site "Montreal CAN"]
[Date "1998.07.26"]
[Round "3"]
[White "Lacroix, Serge"]
[Black "Gushuliak, Justin"]
[Result "1-0"]
[WhiteElo "1955"]
[BlackElo "1861"]
[PlyCount "88"]
[EventDate "1998.07.25"]
[EventType "swiss"]
[EventRounds "9"]
[EventCountry "CAN"]

1. e4 c5 2. Nf3 Nc6 3. d4 cxd4 4. Nxd4 Nf6 5. Nc3 d6 6. Bg5 e6 7. Qd2 a6 8.
O-O-O h6 9. Bf4 Bd7 10. Nxc6 Bxc6 11. f3 d5 12. Qe1 Bb4 13. a3 Ba5 14. b4 Bb6
15. exd5 Bxd5 16. Bc4 Bxc4 17. Rxd8+ Rxd8 18. Be5 Ke7 19. Bxf6+ gxf6 20. Qe4
Bd5 21. Nxd5+ Rxd5 22. Rd1 Rhd8 23. Rxd5 Rxd5 24. c4 Rd7 25. c5 Bc7 26. f4 Rd5
27. g3 f5 28. Qf3 Kf6 29. Kc2 a5 30. Qc3+ Kg6 31. bxa5 Bb8 32. Kb3 Ba7 33. Kb4
Rd1 34. Qc2 Rd4+ 35. Kb5 Rd5 36. a4 Kh5 37. h3 Kg6 38. Qc4 Rd1 39. Qc2 Rd5 40.
Kb4 Rd4+ 41. Kb3 Rd5 42. c6 bxc6 43. Qxc6 Rxa5 44. Qc7 Ra6 1-0

[Event "Quebec op U2000"]
[Site "Montreal CAN"]
[Date "1998.07.27"]
[Round "4"]
[White "Scheuring, Volker"]
[Black "Lacroix, Serge"]
[Result "1/2-1/2"]
[WhiteElo "1868"]
[BlackElo "1955"]
[PlyCount "68"]
[EventDate "1998.07.25"]
[EventType "swiss"]
[EventRounds "9"]
[EventCountry "CAN"]

1. e4 e5 2. Nf3 Nc6 3. Bb5 a6 4. Ba4 Nf6 5. O-O Be7 6. Re1 b5 7. Bb3 d6 8. c3
O-O 9. d4 Bg4 10. d5 Na5 11. Be3 Nxb3 12. axb3 Nxe4 13. h3 Bxf3 14. Qxf3 f5 15.
Na3 Bg5 16. Nc2 Bxe3 17. Qxe3 Qg5 18. Qxg5 Nxg5 19. Nb4 a5 20. Nc6 a4 21. bxa4
bxa4 22. Ra2 Ne4 23. Rea1 Nc5 24. b4 Nb3 25. Rb1 Kf7 26. Rbb2 Kf6 27. Ra3 f4
28. Rba2 Nc1 29. Ra1 Ne2+ 30. Kf1 f3 31. gxf3 Nf4 32. c4 Nxh3 33. Rxa4 Rxa4 34.
Rxa4 Kg6 1/2-1/2

[Event "Quebec op U2000"]
[Site "Montreal CAN"]
[Date "1998.07.28"]
[Round "5"]
[White "Lacroix, Serge"]
[Black "Morin, Jean-Pascal"]
[Result "1-0"]
[WhiteElo "1955"]
[BlackElo "1858"]
[PlyCount "73"]
[EventDate "1998.07.25"]
[EventType "swiss"]
[EventRounds "9"]
[EventCountry "CAN"]

1. e4 d5 2. exd5 Nf6 3. d4 Bg4 4. Be2 Bxe2 5. Qxe2 Qxd5 6. Nf3 Nc6 7. Nc3 Qd7
8. Be3 e6 9. a3 Be7 10. O-O O-O 11. Rad1 Nd5 12. Ne4 h6 13. Bc1 Rad8 14. Rfe1
Rfe8 15. c3 Bf8 16. Ne5 Nxe5 17. dxe5 Qc8 18. Qh5 Ne7 19. Bxh6 gxh6 20. Nf6+
Kg7 21. Qg4+ Ng6 22. h4 Rxd1 23. Rxd1 Rd8 24. Re1 Be7 25. h5 Bxf6 26. exf6+
Kxf6 27. hxg6 fxg6 28. Qh4+ Kg7 29. Qe7+ Kg8 30. Rxe6 Rd6 31. Rxd6 cxd6 32.
Qxd6 Kf7 33. Qd5+ Kg7 34. Qd4+ Kf7 35. Qxa7 Qc7 36. Qd4 Qc6 37. Qe3 1-0

[Event "Quebec op U2000"]
[Site "Montreal CAN"]
[Date "1998.07.30"]
[Round "7"]
[White "Lacroix, Serge"]
[Black "Mangahas, Ronald"]
[Result "0-1"]
[WhiteElo "1955"]
[BlackElo "1850"]
[PlyCount "67"]
[EventDate "1998.07.25"]
[EventType "swiss"]
[EventRounds "9"]
[EventCountry "CAN"]

1. e4 c5 2. Nf3 d6 3. d4 cxd4 4. Nxd4 Nf6 5. Nc3 a6 6. Bg5 e6 7. f4 Be7 8. Qf3
Qc7 9. O-O-O Nbd7 10. g4 b5 11. Bxf6 Nxf6 12. g5 Nd7 13. f5 Nc5 14. f6 gxf6 15.
gxf6 Bf8 16. Bd3 Bb7 17. a3 O-O-O 18. Qh5 Rg8 19. Kb1 Rg6 20. Rhf1 Qa5 21. Rf2
Bh6 22. e5 Nxd3 23. exd6 Rxd6 24. Rxd3 Qb6 25. Qe2 Bg5 26. Nf5 Rxd3 27. Ne7+
Kb8 28. Qxd3 Rxf6 29. Rxf6 Bxf6 30. Ng8 Qg1+ 31. Ka2 Qxg8 32. Ne4 Bd5+ 33. b3
Be5 34. Nc5 0-1

[Event "Printanier"]
[Site "Beloeil CAN"]
[Date "1998.07.22"]
[Round "3"]
[White "Lacroix, Serge"]
[Black "Deschamps, Martin"]
[Result "1/2-1/2"]
[WhiteElo "1999"]
[BlackElo "1802"]
[PlyCount "83"]
[EventDate "1998.07.20"]
[EventType "swiss"]
[EventRounds "5"]
[EventCountry "CAN"]

1. e4 Nf6 2. e5 Nd5 3. d4 d6 4. Nf3 dxe5 5. dxe5 Bg4 6. c4 Nb4 7. Qxd8+ Kxd8 8.
Ng5 Ke8 9. Na3 N8c6 10. Bd2 e6 11. h3 Bh5 12. g4 Bg6 13. f4 Nd4 14. Kf2 Rd8 15.
Bxb4 Bxb4 16. Bg2 c6 17. Be4 h6 18. f5 exf5 19. gxf5 Nxf5 20. Bxf5 Bxf5 21. Nf3
Rd3 22. Rad1 Rxd1 23. Rxd1 Bxa3 24. bxa3 Bxh3 25. Rb1 b6 26. c5 b5 27. a4 Bd7
28. axb5 cxb5 29. a4 a6 30. Nd4 Ke7 31. c6 Be6 32. axb5 axb5 33. Rxb5 Rc8 34.
Rb7+ Ke8 35. Nxe6 fxe6 36. Rxg7 Rxc6 37. Ke3 Rc1 38. Rg6 Ke7 39. Rxh6 Re1+ 40.
Kd4 Rd1+ 41. Ke4 Re1+ 42. Kd4 1/2-1/2

[Event "Quebec-ch qual. 2"]
[Site "Montreal CAN"]
[Date "1998.05.30"]
[Round "2"]
[White "Villeneuve, Benoit"]
[Black "Lacroix, Serge"]
[Result "0-1"]
[WhiteElo "1665"]
[BlackElo "1950"]
[Annotator "Incomplete"]
[PlyCount "82"]
[EventDate "1998.05.29"]
[EventType "swiss"]
[EventRounds "5"]
[EventCountry "CAN"]

1. Nf3 Nf6 2. g3 d5 3. Bg2 c5 4. O-O Nc6 5. d3 e5 6. Nbd2 Be7 7. e4 d4 8. Nc4
Qc7 9. a4 Be6 10. b3 O-O 11. Ng5 Bg4 12. f3 Bd7 13. f4 Bg4 14. Nf3 exf4 15.
Bxf4 Qd7 16. Qe2 Rfe8 17. Qf2 Bf8 18. Nfe5 Nxe5 19. Nxe5 Qe6 20. Nxg4 Nxg4 21.
Qe2 Ne5 22. Bxe5 Qxe5 23. Bh3 g6 24. Qf3 Re7 25. Rf2 Bh6 26. Kh1 Be3 27. Rff1
Kg7 28. Rab1 a5 29. Rbe1 h5 30. Re2 Rb8 31. Rg2 Rh8 32. c4 g5 33. g4 h4 34. Qf5
Bf4 35. Qxe5+ Rxe5 36. Rc2 Re6 37. Rf3 Rhh6 38. Rcf2 Rhf6 39. Rb2 Rb6 40. Bg2
Rb4 41. Rf1 Rfb6 {etc.} 0-1

[Event "Quebec-ch qual. 2"]
[Site "Montreal CAN"]
[Date "1998.05.30"]
[Round "3"]
[White "Gladu, Pierre"]
[Black "Lacroix, Serge"]
[Result "0-1"]
[WhiteElo "2137"]
[BlackElo "1950"]
[PlyCount "92"]
[EventDate "1998.05.29"]
[EventType "swiss"]
[EventRounds "5"]
[EventCountry "CAN"]

1. e4 e5 2. Nf3 Nc6 3. Bb5 a6 4. Ba4 Nf6 5. O-O Be7 6. Re1 b5 7. Bb3 d6 8. c3
O-O 9. h3 Nd7 10. d4 Nb6 11. Nbd2 exd4 12. cxd4 d5 13. e5 Bf5 14. a3 Qd7 15.
Nf1 b4 16. Ng3 Bg6 17. a4 Na5 18. e6 fxe6 19. Ne5 Qe8 20. Nxg6 Qxg6 21. Bc2 Qf7
22. Re2 b3 23. Bxb3 Nxb3 24. Qxb3 Nc4 25. Qd3 Bd6 26. b3 Na5 27. Bd2 Nc6 28.
Rc1 Nb4 29. Bxb4 Bxb4 30. Rc6 Bd6 31. Rxa6 Rab8 32. Nf1 Qf4 33. Qe3 Rf6 34. Rc6
Qf5 35. Rc3 Rg6 36. Qf3 Qb1 37. Qd3 Qa1 38. g3 Bxg3 39. fxg3 Rf8 40. Rec2 Rxg3+
41. Qxg3 Rxf1+ 42. Kg2 Rg1+ 43. Kf3 Qd1+ 44. Kf4 Qxd4+ 45. Kf3 Qe4+ 46. Kf2
Qe1+ 0-1

[Event "Quebec-ch qual. 2"]
[Site "Montreal CAN"]
[Date "1998.05.31"]
[Round "5"]
[White "Mahabir, Hugh"]
[Black "Lacroix, Serge"]
[Result "0-1"]
[WhiteElo "2017"]
[BlackElo "1950"]
[PlyCount "95"]
[EventDate "1998.05.29"]
[EventType "swiss"]
[EventRounds "5"]
[EventCountry "CAN"]

1. d4 Nf6 2. e3 c5 3. Bd3 Nc6 4. Nf3 d5 5. c3 Bg4 6. Nbd2 e6 7. O-O Bd6 8. dxc5
Bxc5 9. e4 O-O 10. exd5 Qxd5 11. Qc2 Rfd8 12. Be2 Rac8 13. Qb3 Qd7 14. Qa4 Bf5
15. Nb3 Bb6 16. Bg5 e5 17. Rad1 Qe7 18. Bb5 a6 19. Be2 Bc2 20. Rde1 Bf5 21. Rd1
h6 22. Bh4 Bd7 23. Bxf6 Qxf6 24. Qh4 Qxh4 25. Nxh4 Be6 26. Nf3 e4 27. Nfd2 e3
28. fxe3 Bxe3+ 29. Kh1 Ne5 30. h3 b5 31. Nf3 Nc4 32. Bxc4 Bxc4 33. Rxd8+ Rxd8
34. Ra1 f5 35. Nbd4 g6 36. a4 Rd5 37. axb5 axb5 38. g3 g5 39. g4 fxg4 40. hxg4
h5 41. gxh5 g4 42. Re1 Rxh5+ 43. Kg2 gxf3+ 44. Kxf3 Bxd4 45. cxd4 Rh2 46. Kg4
Rxb2 47. Rd1 Rg2+ 48. Kf3 0-1

[Event "St-Jean ch"]
[Site "St-Jean CAN"]
[Date "1998.05.15"]
[Round "1"]
[White "Lacroix, Serge"]
[Black "Serra, Luc"]
[Result "1-0"]
[WhiteElo "1984"]
[BlackElo "1633"]
[PlyCount "86"]
[EventDate "1998.05.15"]
[EventType "swiss"]
[EventRounds "5"]
[EventCountry "CAN"]

1. e4 g6 2. d4 Bg7 3. f4 d6 4. Nc3 c6 5. Nf3 Bg4 6. Be3 Nd7 7. Bc4 Bxf3 8. gxf3
b5 9. Bb3 e6 10. Qd2 Ne7 11. h4 a5 12. a4 b4 13. Ne2 h5 14. c3 Rb8 15. c4 c5
16. O-O-O O-O 17. dxc5 Nxc5 18. Kc2 Nb7 19. Nd4 d5 20. Nb5 dxc4 21. Bxc4 Qxd2+
22. Rxd2 Rbc8 23. b3 Rfd8 24. Rhd1 Rxd2+ 25. Rxd2 Nc5 26. Na7 Rc7 27. Rd8+ Kh7
28. Nb5 Rc6 29. Nd6 f5 30. Bb5 Rc7 31. Ne8 Nb7+ 32. Nxc7 Nxd8 33. Kd3 Bf6 34.
Bf2 e5 35. Ne8 Bh8 36. Bb6 Ndc6 37. exf5 gxf5 38. Nd6 Kg6 39. Nc4 Bf6 40. Nxe5+
Nxe5+ 41. fxe5 Bxh4 42. Bxa5 Be1 43. Be8+ Kh6 1-0

[Event "St-Jean ch"]
[Site "St-Jean CAN"]
[Date "1998.05.16"]
[Round "3"]
[White "Lacroix, Serge"]
[Black "Marcone, Malcom"]
[Result "0-1"]
[WhiteElo "1984"]
[BlackElo "1673"]
[PlyCount "56"]
[EventDate "1998.05.15"]
[EventType "swiss"]
[EventRounds "5"]
[EventCountry "CAN"]

1. e4 d5 2. exd5 Nf6 3. d4 Bg4 4. f3 Bf5 5. c4 e6 6. dxe6 Nc6 7. exf7+ Kxf7 8.
Ne2 Nb4 9. Ng3 Nc2+ 10. Kf2 Bg6 11. Be3 Bc5 12. Bd3 Nxe3 13. Bxg6+ hxg6 14.
Kxe3 Re8+ 15. Ne4 Nxe4 16. fxe4 Qg5+ 17. Kd3 Rad8 18. Qf3+ Kg8 19. d5 Qe5 20.
Nc3 Qd4+ 21. Kc2 Rf8 22. Qh3 Qf2+ 23. Kb3 Qd2 24. Ka4 b5+ 25. Ka5 Qxb2 26. Nxb5
Qb4+ 27. Ka6 Rd6+ 28. Kb7 Rb6+ 0-1

[Event "St-Jean ch"]
[Site "St-Jean CAN"]
[Date "1998.05.16"]
[Round "3"]
[White "Schleifer, Michael"]
[Black "Lacroix, Serge"]
[Result "1-0"]
[WhiteElo "2325"]
[BlackElo "1984"]
[PlyCount "63"]
[EventDate "1998.05.15"]
[EventType "swiss"]
[EventRounds "5"]
[EventCountry "CAN"]

1. c4 Nf6 2. Nc3 e6 3. e4 d5 4. e5 d4 5. exf6 dxc3 6. bxc3 Qxf6 7. d4 c5 8. Nf3
h6 9. Bd3 Nc6 10. Be4 cxd4 11. cxd4 Bb4+ 12. Bd2 Bxd2+ 13. Qxd2 O-O 14. O-O Rd8
15. Bxc6 bxc6 16. Qe3 Qe7 17. Ne5 Qc7 18. Rab1 Ba6 19. Rfc1 Rab8 20. Rxb8 Rxb8
21. h3 Rd8 22. g3 Rb8 23. Qa3 Bc8 24. Re1 Qb7 25. Qf3 c5 26. d5 Qc7 27. d6 Qxd6
28. Qxf7+ Kh8 29. Qh5 Kh7 30. Rd1 Qe7 31. Qg6+ Kg8 32. Nc6 1-0

[Event "St-Jean ch"]
[Site "St-Jean CAN"]
[Date "1998.05.17"]
[Round "5"]
[White "Mongeau, Diane"]
[Black "Lacroix, Serge"]
[Result "1/2-1/2"]
[WhiteElo "1770"]
[BlackElo "1984"]
[PlyCount "67"]
[EventDate "1998.05.15"]
[EventType "swiss"]
[EventRounds "5"]
[EventCountry "CAN"]

1. d4 Nf6 2. Nf3 e6 3. Bg5 c5 4. Bxf6 Qxf6 5. e4 cxd4 6. Qxd4 Nc6 7. Qxf6 gxf6
8. c3 Rg8 9. g3 d5 10. exd5 exd5 11. Nbd2 Bg4 12. Bg2 O-O-O 13. O-O d4 14. cxd4
Nxd4 15. Nxd4 Rxd4 16. Rac1+ Kb8 17. Nb3 Ra4 18. a3 Rg5 19. f4 Rb5 20. Rfe1 Be6
21. f5 Rxf5 22. Bh3 Re5 23. Rxe5 fxe5 24. Bxe6 fxe6 25. Nc5 Bxc5+ 26. Rxc5 Re4
27. Kf2 a6 28. Rc3 Rd4 29. Ke3 h5 30. h3 Rd1 31. Ke4 Rh1 32. h4 Re1+ 33. Re3
Rb1 34. b4 1/2-1/2

[Event "Laval XV"]
[Site "Laval CAN"]
[Date "1998.04.25"]
[Round "2"]
[White "Sullivan, Neil"]
[Black "Lacroix, Serge"]
[Result "1-0"]
[WhiteElo "1854"]
[BlackElo "2042"]
[PlyCount "73"]
[EventDate "1998.04.24"]
[EventType "swiss"]
[EventRounds "5"]
[EventCountry "CAN"]

1. e4 e5 2. Nf3 Nc6 3. Bc4 Nf6 4. d4 exd4 5. O-O Nxe4 6. Re1 d5 7. Bxd5 Qxd5 8.
Nc3 Qa5 9. Nxe4 Be6 10. Neg5 O-O-O 11. Nxe6 fxe6 12. Rxe6 Bd6 13. Bg5 Rdf8 14.
Bh4 Qh5 15. Bg3 Bxg3 16. hxg3 Qd5 17. Qe2 g5 18. Re4 h5 19. Rd1 Rd8 20. Nxd4
Nxd4 21. Rexd4 Qxd4 22. Rxd4 Rxd4 23. c3 Rdd8 24. Qe3 g4 25. Qxa7 c6 26. a4
Rhe8 27. f3 Rd1+ 28. Kf2 Red8 29. Qa8+ Kc7 30. Qa5+ Kb8 31. Qe5+ Ka8 32. Qxh5
R8d2+ 33. Ke3 gxf3 34. gxf3 Rxb2 35. f4 Re1+ 36. Kf3 Rc1 37. Kg4 1-0

[Event "Laval XV"]
[Site "Laval CAN"]
[Date "1998.04.25"]
[Round "3"]
[White "Lacroix, Serge"]
[Black "Martineau, Michel"]
[Result "1/2-1/2"]
[WhiteElo "2042"]
[BlackElo "1818"]
[PlyCount "102"]
[EventDate "1998.04.24"]
[EventType "swiss"]
[EventRounds "5"]
[EventCountry "CAN"]

1. e4 g6 2. d4 Bg7 3. f4 d5 4. e5 c5 5. c3 cxd4 6. cxd4 Nc6 7. Nc3 h5 8. Be3
Nh6 9. Nf3 Bg4 10. Qb3 Bxf3 11. Qxb7 Qc8 12. Qxc8+ Rxc8 13. gxf3 Nf5 14. Kf2
Ncxd4 15. Bxd4 Nxd4 16. Rd1 Ne6 17. Bb5+ Kf8 18. Nxd5 Rc2+ 19. Ke3 Bh6 20. Bd7
Nc5 21. Bh3 Rxb2 22. Rc1 Rb5 23. Rc4 e6 24. Nc7 Ra5 25. Rhc1 Ra3+ 26. R1c3
Rxc3+ 27. Rxc3 Nd7 28. Ra3 Nxe5 29. Rxa7 Nc4+ 30. Ke4 Nd2+ 31. Ke3 Nc4+ 32. Kd3
Nd6 33. Ra6 Bxf4 34. Bxe6 Bxh2 35. Bh3 Kg7 36. Ra8 Rxa8 37. Nxa8 f5 38. a4 Nb7
39. Kd4 Kf6 40. Kd5 Nd6 41. Nb6 Kg5 42. Ke6 Kh4 43. Bf1 Kg5 44. Nd5 Nb7 45. Kf7
Bd6 46. f4+ Kh6 47. Ke6 h4 48. a5 Ba3 49. a6 Nc5+ 50. Kf7 h3 51. Bxh3 Nxa6
1/2-1/2

[Event "Laval XV"]
[Site "Laval CAN"]
[Date "1998.04.26"]
[Round "5"]
[White "Dumesnil, Etienne"]
[Black "Lacroix, Serge"]
[Result "1-0"]
[WhiteElo "1895"]
[BlackElo "2042"]
[Annotator "Incomplete"]
[PlyCount "67"]
[EventDate "1998.04.24"]
[EventType "swiss"]
[EventRounds "5"]
[EventCountry "CAN"]

1. e4 e5 2. Nf3 Nc6 3. Bc4 Nf6 4. Ng5 d5 5. exd5 Na5 6. Bb5+ c6 7. dxc6 bxc6 8.
Qf3 Rb8 9. Ba4 Bg4 10. Qg3 Bd6 11. Ne4 Nxe4 12. Qxg4 Nf6 13. Qe2 O-O 14. Nc3 e4
15. O-O Qc7 16. h3 Rfe8 17. a3 Nb7 18. b4 a5 19. Qc4 axb4 20. axb4 Nd8 21. b5
Qe7 22. d4 exd3 23. cxd3 Qe5 24. f4 Qc5+ 25. Kh1 cxb5 26. Nxb5 Re2 27. Nxd6
Qxd6 28. Ba3 Qe6 29. Qxe6 Nxe6 30. f5 Nd4 31. Rf4 Nc2 32. Ra2 Nd4 33. Rxe2 Nxe2
34. Rb4 {etc.} 1-0